000 00826nam a22002417a 4500
003 DO-SdBNP
005 20211112140026.0
007 ta
008 211112b2021 dr ||||| |||| 00| 0 eng d
020 _a9789945618488
040 _aDO-SdBNP
_bspa
_cBNPHU
082 4 _222
100 1 _aCuevas, Héctor,
_d1950-
_980612
245 1 0 _aRadiografía de las elecciones dominicanas 2020 /
_cHéctos Cuevas ; prólogo Pedro Catrain
260 _aSanto Domingo :
_bAmigo del hogar,
_c2021.
300 _a265 p. ;
_c23 cm.
500 _aIncluye datos biográficos del autor en la solapa de la cubierta
500 _aIncluye referencias bibliográficas y notas al pie de las páginas e índice onomástico
590 _aInventariado, 2021/BT
700 1 _aCatrain, Pedro,
_epról.
_980613
910 _aBtavárez
942 _2ddc
_cLBS1
999 _c50955
_d50955